000
00338nam a2200145Ia 4500
100
_a
Milenkovic/ Milan
942
_c
RB
654
_a
Operating System & design
245
_a
Operating Systems Concepts & design
260
_b
Mc Graw Hill
_a
Singapore
_c
1992
082
_a
1.644
_b
PAN
300
_a
755
546
_a
ENGLISH
999
_c
20798
_d
20798